College zoology /

Bibliographic Details
Main Author: Hegner, Robert William, 1880-1942
Format: Book
Language:English
Published: New York : The Macmillan company, 1943.
Edition:5th ed.
Subjects:

MARC

Tag First Indicator Second Indicator Subfields
LEADER 00000cam a2200000 4500
001 in00000044419
005 20151007072936.0
008 800607s1943 nyuaf 00010 eng d
035 |a (OCoLC)06396738 
035 |9 AAE8842AM 
040 |a TXA  |c TXA  |d UtOrBLW 
049 |a TXAM  |c 1 [137260]  |c 4 [137263] 
090 |a QL47  |b .H52 1947 
092 |a 590  |b H464c5 
100 1 |a Hegner, Robert William,  |d 1880-1942. 
245 1 0 |a College zoology /  |c by Robert W. Hegner ... 
250 |a 5th ed. 
264 1 |a New York :  |b The Macmillan company,  |c 1943. 
300 |a xvii, 2 unnumbered pages, 817 pages :  |b illustrations, VIII color plates, diagrams ;  |c 25 cm. 
336 |a text  |b txt  |2 rdacontent 
337 |a unmediated  |b n  |2 rdamedia 
338 |a volume  |b nc  |2 rdacarrier 
500 |a Each plate accompanied by leaf with descriptive letterpress. 
650 0 |a Zoology. 
999 |a MARS 
999 f f |s acdeffc6-a01a-3ab4-8b2a-b3d97f54e08a  |i 4a7827c1-1d6a-38f2-aede-47e1567d5ba5  |t 0 
952 f f |p ric  |a Texas A&M University  |b Rellis Campus  |c Joint Library Facility  |s JLF  |d Remote Storage  |t 0  |e QL47 .H52 1947  |h Library of Congress classification  |i unmediated -- volume  |m A14801003854 
998 f f |a QL47 .H52 1947  |t 0  |l Remote Storage